000 00379nam a22001457a 4500
999 _c193659
_d193659
008 221107b ||||| |||| 00| 0 eng d
082 _a250-SWA
100 _aOM,SWAMY
245 _aTHE BIG QUESTION OF LIFE
_hENGLISH
260 _aNEW DELH
_bA.I.C.B
_cROHIN
270 _aA.I.C.B ,ROHINI NEW DELHI
300 _a.
_b.
_c12X13
490 _v1-2
942 _2ddc
_cBRLEN
_k250
_mSWA